Determinación de las principales características hidrofísicas del suelo y desarrollo rodicular en la caña de azúcar en el Ingenio Monte Rosa
Presenta la determinación de las principales características microfísicas del suelo y desarrollo rodicular en la caña de azúcar en el Ingenio Monte Rosa, siendo una organización agro-industrial dedicada al procesamiento de caña de azúcar para la producción de azúcar y energía eléctrica,...
| Main Authors: | , |
|---|---|
| Other Authors: | |
| Format: | Tesis Section = Libro |
| Language: | Undetermined Spanish |
| Published: |
Managua
UNI
2008
|
| Subjects: |
| LEADER | 01233nam a2200277Ia 4500 | ||
|---|---|---|---|
| 008 | 240830s9999 xx 000 0 und d | ||
| 040 | |a BIBLIOTECA-RUPAP Mon 631.587 C413 | ||
| 041 | |a spa | ||
| 082 | |a Mon 631.587 C413 | ||
| 100 | 1 | |a Cerda Santana, Carla José | |
| 100 | 1 | |b Matus, Karla Johana | |
| 245 | 1 | 0 | |a Determinación de las principales características hidrofísicas del suelo y desarrollo rodicular en la caña de azúcar en el Ingenio Monte Rosa |
| 260 | |a Managua |b UNI |c 2008 | ||
| 300 | |a 99 p. :il. | ||
| 500 | |a Contiene: anexos. | ||
| 502 | |a Tesis (Ingeniero Agrícola)- UNI, 2008. | ||
| 520 | 3 | |a Presenta la determinación de las principales características microfísicas del suelo y desarrollo rodicular en la caña de azúcar en el Ingenio Monte Rosa, siendo una organización agro-industrial dedicada al procesamiento de caña de azúcar para la producción de azúcar y energía eléctrica, localizada en zona occidental del país. | |
| 650 | 7 | |a RIEGO | |
| 650 | 7 | |b RIEGO POR GOTEO | |
| 650 | 7 | |c HIDROFISICA DE SUELO | |
| 650 | 7 | |d ABASTECIMIENTO DE AGUA | |
| 650 | 7 | |e GEOLOGIA | |
| 700 | 1 | |a Tutor: |b González Arias, Horacio José | |
| 942 | |c BK |2 ddc | ||
| 991 | |a TESIS | ||
| 999 | |c 16665 | ||